[Event "Moscow op-E"]
[Site "Moscow"]
[Date "2011.02.06"]
[Round "9.206"]
[White "Bolshagin, Valery"]
[Black "Bilan, Danila"]
[Result "1/2-1/2"]
[WhiteElo "2061"]
[BlackElo "1805"]
[PlyCount "76"]
[EventDate "2011.01.29"]
[EventType "swiss"]
[EventRounds "9"]
[EventCountry "RUS"]
[SourceTitle "EXT 2022"]
[Source "ChessBase"]
[SourceDate "2021.10.06"]
[SourceVersion "1"]
[SourceVersionDate "2021.10.06"]
[SourceQuality "1"]

1. e4 c6 2. d4 d5 3. exd5 cxd5 4. Bd3 Nc6 5. c3 Nf6 6. h3 e5 7. dxe5 Nxe5 8. Nf3 Nxd3+ 9. Qxd3 Bd6 10. Qe2+ Qe7 11. Qxe7+ Bxe7 12. Bf4 0-0 13. 0-0 Bf5 14. Nbd2 Rfe8 15. Nb3 Rad8 16. Rad1 h6 17. Nfd4 Bg6 18. Rfe1 a6 19. Re2 Bd6 20. Bxd6 Rxe2 21. Nxe2 Rxd6 22. Nf4 Bc2 23. Rd2 Bxb3 24. axb3 g5 25. Ne2 Rb6 26. Nd4 Ne4 27. Re2 Kf8 28. f3 Nc5 29. b4 Ne6 30. Rd2 Nxd4 31. Rxd4 Rb5 32. Rd2 Ke7 33. Kf2 Ke6 34. Re2+ Kd7 35. Ke3 f6 36. Kd4 b6 37. f4 a5 38. fxg5 hxg5 1/2-1/2

[Event "Moscow op-B 04th"]
[Site "Moscow"]
[Date "2008.02.07"]
[Round "6"]
[White "Bolshagin, Valery"]
[Black "Forlano, Luigi"]
[Result "0-1"]
[WhiteElo "2187"]
[BlackElo "2000"]
[PlyCount "32"]
[EventDate "2008.02.02"]
[EventType "swiss"]
[EventRounds "9"]
[EventCountry "RUS"]
[SourceTitle "CBM 122 Extra"]
[Source "ChessBase"]
[SourceDate "2008.03.04"]
[SourceVersion "1"]
[SourceVersionDate "2008.03.04"]
[SourceQuality "1"]

1. e4 c6 2. d4 d5 3. exd5 cxd5 4. Bd3 Nf6 5. h3 Nc6 6. c3 e5 7. dxe5 Nxe5 8. Nf3 Nxd3+ 9. Qxd3 Bd6 10. 0-0 0-0 11. Bg5 h6 12. Bh4 g5 13. Bg3 Bxg3 14. fxg3 Ne4 15. Ne5 f5 16. Nd2 Qd6 0-1

[Event "Moscow op-B 04th"]
[Site "Moscow"]
[Date "2008.02.05"]
[Round "4"]
[White "Bolshagin, Valery"]
[Black "Sargissyan, Sargis"]
[Result "0-1"]
[WhiteElo "2187"]
[BlackElo "1913"]
[PlyCount "64"]
[EventDate "2008.02.02"]
[EventType "swiss"]
[EventRounds "9"]
[EventCountry "RUS"]
[SourceTitle "CBM 122 Extra"]
[Source "ChessBase"]
[SourceDate "2008.03.04"]
[SourceVersion "1"]
[SourceVersionDate "2008.03.04"]
[SourceQuality "1"]

1. c4 e5 2. Nc3 Nc6 3. g3 g6 4. Bg2 Bg7 5. d3 d6 6. e3 Nf6 7. Nge2 0-0 8. 0-0 Be6 9. h3 Qd7 10. Kh2 d5 11. Qa4 Rfd8 12. e4 dxc4 13. dxc4 Qd3 14. c5 Nd4 15. Rd1 Nf3+ 16. Kh1 Nxe4 17. Be3 Qxe3 18. Qxe4 Qxe4 19. Nxe4 Nd4 20. N2c3 h6 21. g4 f5 22. gxf5 gxf5 23. Ng3 e4 24. Bf1 Be5 25. Rac1 Kf7 26. b3 Rg8 27. Nce2 Nxe2 28. Nxe2 Rg7 29. Nd4 Rag8 30. Bc4 Bxc4 31. bxc4 Rg2 32. f4 Bxf4 0-1

[Event "Moscow op-B 04th"]
[Site "Moscow"]
[Date "2008.02.04"]
[Round "3"]
[White "Radchenko, Michail"]
[Black "Bolshagin, Valery"]
[Result "1/2-1/2"]
[WhiteElo "1841"]
[BlackElo "2187"]
[PlyCount "64"]
[EventDate "2008.02.02"]
[EventType "swiss"]
[EventRounds "9"]
[EventCountry "RUS"]
[SourceTitle "CBM 122 Extra"]
[Source "ChessBase"]
[SourceDate "2008.03.04"]
[SourceVersion "1"]
[SourceVersionDate "2008.03.04"]
[SourceQuality "1"]

1. e4 d5 2. exd5 Qxd5 3. Nc3 Qa5 4. Bc4 Nf6 5. d3 c6 6. Be3 Bg4 7. f3 Bh5 8. Qd2 e6 9. g4 Bg6 10. Ne4 Qxd2+ 11. Bxd2 Nbd7 12. h4 h6 13. Bc3 Be7 14. a4 a5 15. Ne2 Bb4 16. Kf2 Bxe4 17. dxe4 Bxc3 18. Nxc3 Ne5 19. Be2 Ke7 20. g5 Nh5 21. Ke3 Ng3 22. Rhg1 Nxe2 23. Nxe2 hxg5 24. Rxg5 Nc4+ 25. Kd3 Nd6 26. h5 Rad8 27. Kc3 Ra8 28. Nd4 Rh6 29. b3 g6 30. hxg6 Rxg6 31. Rxg6 fxg6 32. Rh1 e5 1/2-1/2